00983nam a22002417a 4500003000900000005001700009007000300026008004100029020001800070040002500088082001500113100003600128245014300164260005200307300002000359500002000379590002700399910001400426942001400440952013200454952013800586999001700724DO-SdBNP20220520110642.0ta110301s2010 dr 000 0 spa d a9789993424529 aDO-SdBNPbspacBNPHU 4axxxxbG2161 aGarcía Romero, Dinorah95301814aUna respuesta para tiempos inestables y transformadores :bpropuesta socioeducativa del centro cultural poveda /cDinorah García Romero  aSanto Domingo :bCentro Cultural Poveda,c2010. a83 p. :c21 cm. aIncluye notas.  aInventariado, 2022/ YL aYLockward 2ddccLBS1 00102ddc53708PDaBNPHUbBNPHUcHDd2018-12-06eNieves L Emeterio R. l0oxxxx G216p2022-2268r2022-05-20w2022-05-20yLBS1 00102ddc53708PDaBNPHUbBNPHUcHDd2018-12-06eNieves L Emeterio R. l0oxxxx G216p2022-2269r2022-05-20te. 2w2022-05-20yLBS1 c51779d51779